[Event "Skalica op-A"]
[Site "Skalica"]
[Date "2023.08.27"]
[Round "9"]
[White "Janik, Marek Tobias"]
[Black "Neuhoff, Laertes"]
[Result "1-0"]
[WhiteElo "1944"]
[BlackElo "2061"]
[PlyCount "87"]
[EventDate "2023.08.19"]
[EventType "swiss"]
[EventRounds "9"]
[EventCountry "SVK"]
[SourceTitle "CBM 215 Extra"]
[Source "ChessBase"]
[SourceDate "2023.09.30"]
[SourceVersion "1"]
[SourceVersionDate "2023.09.30"]
[SourceQuality "1"]

1. e4 c5 2. Nc3 Nc6 3. Bb5 Nd4 4. Nf3 a6 5. Bc4 Nf6 6. d3 b5 7. Bb3 Nxb3 8. axb3 Bb7 9. 0-0 e6 10. Qe2 Be7 11. e5 Nd5 12. Ne4 Qc7 13. c4 Nb6 14. Bg5 Bxe4 15. Qxe4 Bxg5 16. Nxg5 h6 17. Nh3 0-0 18. f4 Qc6 19. Nf2 d5 20. exd6 Qxd6 21. Ra5 b4 22. Qe3 Nd7 23. Ne4 Qb6 24. Rfa1 Rfc8 25. Qf3 Nf6 26. Nxc5 Nd7 27. d4 Nxc5 28. Rxc5 Qd6 29. Rxc8+ Rxc8 30. Rd1 a5 31. c5 Qd5 32. Qxd5 exd5 33. Re1 Kf8 34. Re5 Rd8 35. Kf2 g6 36. Kf3 Rd7 37. f5 gxf5 38. Kf4 Kg7 39. Kxf5 Kf8 40. Kf6 Kg8 41. Re8+ Kh7 42. Re7 Rd8 43. Rxf7+ Kg8 44. Re7 1-0

[Event "Skalica op-A"]
[Site "Skalica"]
[Date "2023.08.26"]
[Round "8"]
[White "Borsos, Bogdan"]
[Black "Janik, Marek Tobias"]
[Result "1-0"]
[WhiteElo "2130"]
[BlackElo "1944"]
[PlyCount "43"]
[EventDate "2023.08.19"]
[EventType "swiss"]
[EventRounds "9"]
[EventCountry "SVK"]
[SourceTitle "CBM 215 Extra"]
[Source "ChessBase"]
[SourceDate "2023.09.30"]
[SourceVersion "1"]
[SourceVersionDate "2023.09.30"]
[SourceQuality "1"]

1. e4 e5 2. Nf3 Nf6 3. d4 Nxe4 4. Bd3 d5 5. Nxe5 Bd6 6. Nc3 Nxc3 7. bxc3 Be6 8. 0-0 0-0 9. Qh5 f5 10. Rb1 b6 11. Re1 Bxe5 12. Rxe5 Qd7 13. Qe2 Bf7 14. Ba3 Nc6 15. Bxf5 Qd8 16. Bxf8 Nxe5 17. Bxg7 Nf3+ 18. Qxf3 Kxg7 19. Bxh7 Qd6 20. Bd3 Rh8 21. Qg3+ Qxg3 22. hxg3 1-0

[Event "Piestany op-B"]
[Site "Piestany"]
[Date "2023.07.14"]
[Round "4"]
[White "Janik, Marek Tobias"]
[Black "Navaratnam, Ishaan Quan Tze"]
[Result "1-0"]
[WhiteElo "1937"]
[BlackElo "1743"]
[PlyCount "73"]
[EventDate "2023.07.11"]
[EventType "swiss"]
[EventRounds "9"]
[EventCountry "SVK"]
[SourceTitle "EXT 2024"]
[Source "ChessBase"]
[SourceDate "2023.10.10"]
[SourceVersion "1"]
[SourceVersionDate "2023.10.10"]
[SourceQuality "1"]

1. d4 Nf6 2. c4 g6 3. h4 Bg7 4. Nc3 d6 5. e4 h6 6. Be2 e5 7. d5 a5 8. Nf3 Na6 9. 0-0 Nc5 10. Qc2 Bg4 11. Be3 Nfd7 12. g3 0-0 13. Qd2 Kh7 14. Ng5+ hxg5 15. Bxg4 gxh4 16. Kg2 Bf6 17. Rh1 Rh8 18. gxh4 Kg7 19. h5 Bh4 20. Rag1 Nf6 21. h6+ Kf8 22. Bf3 Nh7 23. Kf1 Qf6 24. Rh3 b6 25. Nb5 Na6 26. Be2 Qd8 27. Rg4 g5 28. Nc3 Rg8 29. Rg2 Qf6 30. Bh5 Qe7 31. Rf3 Nf6 32. Bxg5 Bxg5 33. Rxg5 Nxh5 34. Rxh5 f6 35. h7 Rh8 36. Qh6+ Kf7 37. Rg5 1-0

[Event "SVK-ch U16"]
[Site "Dudince"]
[Date "2023.04.20"]
[Round "6"]
[White "Musaev, Matej Elbek"]
[Black "Janik, Marek Tobias"]
[Result "0-1"]
[WhiteElo "2085"]
[BlackElo "1953"]
[PlyCount "52"]
[EventDate "2023.04.16"]
[EventType "swiss"]
[EventRounds "9"]
[EventCountry "SVK"]
[SourceTitle "CBM 213 Extra"]
[Source "ChessBase"]
[SourceDate "2023.05.31"]
[SourceVersion "1"]
[SourceVersionDate "2023.05.31"]
[SourceQuality "1"]

1. e4 e5 2. Nf3 Nf6 3. d4 Nxe4 4. Bd3 d5 5. Nxe5 Bd6 6. 0-0 0-0 7. c4 c6 8. Nd2 Bf5 9. cxd5 cxd5 10. Qb3 Bxe5 11. dxe5 Nc5 12. Qb4 Nxd3 13. Qxb7 Qd7 14. Qxa8 Nc6 15. Qxf8+ Kxf8 16. b3 Ncxe5 17. Ba3+ Kg8 18. h3 h5 19. Kh2 Qc7 20. Kg1 g5 21. Rfd1 Qb6 22. Rf1 g4 23. Kh2 Qc7 24. Kh1 gxh3 25. gxh3 Bxh3 26. Rg1+ Ng4 0-1

[Event "SVK-ch U16"]
[Site "Dudince"]
[Date "2023.04.17"]
[Round "2"]
[White "Papp, Gabor3333"]
[Black "Janik, Marek Tobias"]
[Result "0-1"]
[WhiteElo "1619"]
[BlackElo "1953"]
[PlyCount "80"]
[EventDate "2023.04.16"]
[EventType "swiss"]
[EventRounds "9"]
[EventCountry "SVK"]
[SourceTitle "CBM 213 Extra"]
[Source "ChessBase"]
[SourceDate "2023.05.31"]
[SourceVersion "1"]
[SourceVersionDate "2023.05.31"]
[SourceQuality "1"]

1. d4 d5 2. e4 dxe4 3. Nc3 Bf5 4. f3 exf3 5. Qxf3 Bc8 6. Bf4 e6 7. 0-0-0 Bd6 8. Bd3 Nf6 9. Nge2 0-0 10. g4 c6 11. h4 Bxf4+ 12. Nxf4 Nd5 13. Ncxd5 exd5 14. g5 f5 15. Rdg1 Qd6 16. h5 Na6 17. c3 Nc7 18. g6 h6 19. Re1 Ne6 20. Nxe6 Bxe6 21. Re5 Rf6 22. Rhe1 Raf8 23. Qf4 Bc8 24. Kc2 b5 25. b4 a6 26. a3 Re6 27. R1e3 Rxe5 28. dxe5 Qe6 29. Kd2 Bd7 30. Bc2 a5 31. Qd4 f4 32. Rf3 Qg4 33. Bd1 Qg5 34. Be2 Bg4 35. Bxb5 Bxf3 36. Bxc6 Be4 37. Bxd5+ Bxd5 38. Qxd5+ Kh8 39. Qc5 f3+ 40. Kc2 Qf5+ 0-1

[Event "SVK-chT2C 2223"]
[Site "Slovakia"]
[Date "2023.02.11"]
[Round "8.6"]
[White "Gir, Patrik"]
[Black "Janik, Marek Tobias"]
[Result "1-0"]
[WhiteElo "1822"]
[BlackElo "1823"]
[PlyCount "83"]
[EventDate "2022.10.08"]
[EventType "team-tourn"]
[EventRounds "11"]
[EventCountry "SVK"]
[SourceTitle "EXT 2024"]
[Source "ChessBase"]
[SourceDate "2023.10.10"]
[SourceVersion "1"]
[SourceVersionDate "2023.10.10"]
[SourceQuality "1"]
[WhiteTeam "Zilina Mladost IV"]
[BlackTeam "Liptov Chess School III"]
[WhiteTeamCountry "SVK"]
[BlackTeamCountry "SVK"]

1. d4 d5 2. c4 dxc4 3. Nc3 Nf6 4. e4 e6 5. Bg5 Nbd7 6. Bxc4 c6 7. e5 h6 8. Bh4 g5 9. exf6 gxh4 10. Bxe6 Qxf6 11. Bb3 Nb6 12. Qe2+ Be7 13. Nf3 Bf5 14. Ne5 Rh7 15. Qh5 Bg6 16. Qe2 0-0-0 17. Nxg6 fxg6 18. 0-0-0 Bb4 19. Qg4+ Kb8 20. f3 Bxc3 21. bxc3 h5 22. Qe6 Qg5+ 23. Rd2 Re7 24. f4 Rxe6 25. fxg5 Re3 26. Kc2 Nd5 27. Bxd5 Rxd5 28. Rf1 Rxg5 29. Rf8+ Kc7 30. Rdf2 Re4 31. R2f7+ Kb6 32. Rb8 a6 33. Rfxb7+ Ka5 34. Rb3 Re2+ 35. Kd3 Rxa2 36. Rc8 Rgxg2 37. Rxc6 Rgd2+ 38. Kc4 Ra4+ 39. Kd5 Ra1 40. Rc5+ Ka4 41. Rb4+ Ka3 42. Ra5# 1-0

[Event "SVK-chT2C 2223"]
[Site "Slovakia"]
[Date "2023.01.15"]
[Round "7.7"]
[White "Trofimenko, Peter"]
[Black "Janik, Marek Tobias"]
[Result "0-1"]
[WhiteElo "1903"]
[BlackElo "1823"]
[PlyCount "80"]
[EventDate "2022.10.08"]
[EventType "team-tourn"]
[EventRounds "11"]
[EventCountry "SVK"]
[SourceTitle "EXT 2024"]
[Source "ChessBase"]
[SourceDate "2023.10.10"]
[SourceVersion "1"]
[SourceVersionDate "2023.10.10"]
[SourceQuality "1"]
[WhiteTeam "Martin Medea"]
[BlackTeam "Liptov Chess School III"]
[WhiteTeamCountry "SVK"]
[BlackTeamCountry "SVK"]

1. e4 c5 2. Nf3 a6 3. d4 cxd4 4. Nxd4 Nf6 5. Bc4 e5 6. Nf3 Qc7 7. Bd3 d5 8. Nbd2 Bc5 9. 0-0 d4 10. c3 dxc3 11. bxc3 0-0 12. Nc4 Nc6 13. h3 h6 14. Qe2 Be6 15. Ne3 Rad8 16. Bc2 Nh5 17. Nd5 Bxd5 18. exd5 Rxd5 19. Qe4 Nf6 20. Qh4 e4 21. Nh2 Rh5 22. Qf4 Bd6 23. Qe3 Bxh2+ 24. Kh1 Bd6 25. Bd1 Rh4 26. Qe1 Qd7 27. f4 g5 28. Qg3 Ne7 29. Qf2 Rc8 30. fxg5 Rxh3+ 31. gxh3 Qxh3+ 32. Kg1 Bc5 33. Qxc5 Rxc5 34. Rxf6 Rxc3 35. Rxh6 Rg3+ 36. Kf2 Rg2+ 37. Kf1 Qg3 38. Rf6 Qh2 39. Ke1 Qh1+ 40. Rf1 Qh4+ 0-1

[Event "SVK-chT2C 2223"]
[Site "Slovakia"]
[Date "2022.11.26"]
[Round "5.7"]
[White "Janik, Marek Tobias"]
[Black "Repcek, Michal"]
[Result "1-0"]
[WhiteElo "1959"]
[BlackElo "1772"]
[PlyCount "109"]
[EventDate "2022.10.08"]
[EventType "team-tourn"]
[EventRounds "11"]
[EventCountry "SVK"]
[SourceTitle "EXT 2024"]
[Source "ChessBase"]
[SourceDate "2023.10.10"]
[SourceVersion "1"]
[SourceVersionDate "2023.10.10"]
[SourceQuality "1"]
[WhiteTeam "Liptov Chess School III"]
[BlackTeam "Ondrasova Krivan"]
[WhiteTeamCountry "SVK"]
[BlackTeamCountry "SVK"]

1. c4 g6 2. Nc3 Bg7 3. g3 c6 4. Bg2 e6 5. e4 Qc7 6. d4 d6 7. Nge2 Ne7 8. 0-0 0-0 9. Be3 Nd7 10. Qd2 e5 11. d5 a6 12. Bh6 Nb6 13. b3 cxd5 14. cxd5 Kh8 15. Bxg7+ Kxg7 16. h3 Ng8 17. f4 Qe7 18. f5 f6 19. h4 Nh6 20. Bh3 Nf7 21. Kg2 g5 22. Rh1 h6 23. Bg4 Rh8 24. Bh5 Bd7 25. Bxf7 Kxf7 26. Qe3 Nc8 27. hxg5 fxg5 28. g4 Qd8 29. Qh3 Ne7 30. Qg3 Ng8 31. Raf1 Nf6 32. Qf3 Qa5 33. Rh3 Rh7 34. Rfh1 Rah8 35. Ng3 b5 36. a4 bxa4 37. bxa4 Qb4 38. Rb1 Qd4 39. Nh5 Rc8 40. Nxf6 Kxf6 41. Ne2 Rc2 42. Rbh1 Bxa4 43. Rxh6+ Rxh6 44. Rxh6+ Kf7 45. f6 Rxe2+ 46. Qxe2 Bd1 47. Qe1 Bxg4 48. Rh7+ Kf8 49. f7 Qb2+ 50. Kg3 Qe2 51. Qc3 Qd1 52. Rh8+ Kxf7 53. Qc7+ Kf6 54. Rf8+ Kg6 55. Qf7+ 1-0

[Event "SVK-chT U18"]
[Site "Radava"]
[Date "2022.11.24"]
[Round "7.3"]
[White "Janik, Marek Tobias"]
[Black "Barta, Dominik"]
[Result "1-0"]
[WhiteElo "1938"]
[BlackElo "1000"]
[PlyCount "43"]
[EventDate "2022.11.21"]
[EventType "team-swiss"]
[EventRounds "7"]
[EventCountry "SVK"]
[SourceTitle "CBM 211 Extra"]
[Source "ChessBase"]
[SourceDate "2023.01.31"]
[SourceVersion "1"]
[SourceVersionDate "2023.01.31"]
[SourceQuality "1"]
[WhiteTeam "Liptov Chess School"]
[BlackTeam "Nitra Chess Academy"]
[WhiteTeamCountry "SVK"]
[BlackTeamCountry "SVK"]

1. c4 e5 2. Nc3 Nf6 3. g3 Be7 4. Bg2 0-0 5. d3 Re8 6. e4 Bb4 7. Nge2 c5 8. 0-0 Bxc3 9. Nxc3 Nc6 10. Bg5 h6 11. Bxf6 Qxf6 12. Nd5 Qd8 13. f4 d6 14. f5 f6 15. g4 Kf7 16. h4 Ne7 17. Ne3 a6 18. g5 hxg5 19. Qh5+ Kg8 20. hxg5 fxg5 21. f6 g6 22. Qxg5 1-0

[Event "Kezmarok op"]
[Site "Kezmarok"]
[Date "2022.09.28"]
[Round "6"]
[White "Janik, Marek Tobias"]
[Black "Sosovickova, Jana"]
[Result "1-0"]
[WhiteElo "1823"]
[BlackElo "2039"]
[PlyCount "87"]
[EventDate "2022.09.24"]
[EventType "swiss"]
[EventRounds "9"]
[EventCountry "SVK"]
[SourceTitle "CBM 210 Extra"]
[Source "ChessBase"]
[SourceDate "2022.11.30"]
[SourceVersion "1"]
[SourceVersionDate "2022.11.30"]
[SourceQuality "1"]

1. d4 f5 2. Nf3 Nf6 3. Bf4 d6 4. e3 g6 5. c3 Bg7 6. Bc4 d5 7. Be2 0-0 8. Ne5 Nbd7 9. Nd2 Nxe5 10. Bxe5 Ne4 11. Bxg7 Kxg7 12. h4 Nxd2 13. Qxd2 Qd6 14. f4 Bd7 15. h5 b6 16. 0-0-0 Rh8 17. Rdg1 Kf7 18. g4 Rag8 19. Qe1 Qf6 20. Bf3 c6 21. g5 Qg7 22. c4 Be6 23. Qb4 Qf8 24. Qa4 Qa8 25. Kb1 Kg7 26. Rc1 Qb7 27. Qa3 Rc8 28. Be2 Qd7 29. Qc3 Rhd8 30. Rh4 Rh8 31. Rch1 Rcf8 32. Qe1 Qe8 33. Qf1 Bf7 34. Qh3 e6 35. hxg6 Bxg6 36. Bh5 Rfg8 37. Bxg6 Qxg6 38. Rh6 Qe8 39. Rxh7+ Rxh7 40. Qxh7+ Kf8 41. Rh6 Rg7 42. Rf6+ Rf7 43. g6 Rxf6 44. g7+ 1-0

[Event "Skalica op-B"]
[Site "Skalica"]
[Date "2022.08.26"]
[Round "7"]
[White "Janik, Marek Tobias"]
[Black "Svacina, Tobias"]
[Result "1-0"]
[WhiteElo "1808"]
[BlackElo "1856"]
[PlyCount "43"]
[EventDate "2022.08.20"]
[EventType "swiss"]
[EventRounds "9"]
[EventCountry "SVK"]
[SourceTitle "CBM 209 Extra"]
[Source "ChessBase"]
[SourceDate "2022.09.30"]
[SourceVersion "1"]
[SourceVersionDate "2022.09.30"]
[SourceQuality "1"]

1. e4 e5 2. Nf3 Nc6 3. Nc3 Nf6 4. Bb5 Bc5 5. 0-0 Qe7 6. Nd5 Nxd5 7. exd5 a6 8. Bxc6 dxc6 9. d4 Bb6 10. dxe5 cxd5 11. Bg5 Qe6 12. c4 c6 13. Qb3 Bc7 14. c5 0-0 15. Rae1 Qg6 16. Be7 Re8 17. Bd6 Ba5 18. Re3 Ra7 19. Nd4 Bd2 20. Rd3 Bf4 21. Rf3 Bxe5 22. Bxe5 1-0

[Event "Piestany Slovakia op-B"]
[Site "Piestany"]
[Date "2022.07.18"]
[Round "9"]
[White "Janik, Marek Tobias"]
[Black "Skrinar, Marek"]
[Result "1/2-1/2"]
[WhiteElo "1829"]
[BlackElo "1683"]
[PlyCount "68"]
[EventDate "2022.07.11"]
[EventType "swiss"]
[EventRounds "9"]
[EventCountry "SVK"]
[SourceTitle "CBM 209 Extra"]
[Source "ChessBase"]
[SourceDate "2022.09.30"]
[SourceVersion "1"]
[SourceVersionDate "2022.09.30"]
[SourceQuality "1"]

1. d4 d5 2. c4 e6 3. Nc3 Nf6 4. cxd5 exd5 5. Bg5 Be7 6. Qc2 c6 7. e3 h6 8. Bf4 Nbd7 9. Bd3 Nb6 10. Nge2 Be6 11. 0-0 0-0 12. f3 Nh5 13. Rae1 Rc8 14. Kh1 c5 15. g4 Nxf4 16. Nxf4 Bf6 17. Bf5 Re8 18. Bxe6 fxe6 19. Qg6 Qd7 20. dxc5 Nc4 21. e4 d4 22. Nh5 Qf7 23. Nxf6+ Qxf6 24. Qxf6 gxf6 25. Nb5 Red8 26. Rc1 Rxc5 27. b3 Rxb5 28. Rxc4 Rd7 29. Rd1 e5 30. Kg2 Kg7 31. Kf2 a5 32. Rdc1 Rb6 33. Ke2 Rdd6 34. Kd3 Rdc6 1/2-1/2